Statistics for Words Found in Tenerife

Click here to take the quiz!

General Stats

  • This quiz has been taken 38 times
    (28 since last reset)
  • The average score is 26 of 54

Answer Stats

#Answer% Correct
3Ten
100%
3Fir
88%
3Net
88%
3Fee
80%
3Fen
76%
3Fin
76%
4Fire
72%
3Fit
72%
4Rife
72%
3Tee
72%
4Fine
68%
4Feet
64%
3Tie
64%
3Tin
64%
4Tire
60%
3Fie
56%
5Finer
56%
3Nit
56%
4Reef
56%
4Rift
56%
4Teen
56%
4Free
52%
4Fret
52%
3Ire
52%
3Ref
52%
4Rite
52%
4Tine
52%
4Nite
48%
3Ret
48%
3Nee
44%
4Rent
44%
5Rente
44%
4Tree
44%
4Fern
40%
4Tier
40%
5Enter
36%
6Entire
36%
3Ern
36%
4Erne
36%
5Inter
36%
5Refit
36%
4Tern
36%
3Eft
32%
5Feint
32%
5Infer
32%
4Firn
28%
5Inert
24%
6Refine
24%
5Eerie
20%
4Fete
20%
4Rein
16%
7Teenier
16%
4Tref
16%
6Ferine
8%

Score Distribution

Percentile by Number Answered

Percent of People with Each Score

Your Score History

You have not taken this quiz since the last reset